Normal view
MARC view
Entry Topical Term
001 - CONTROL NUMBER
- control field: 15635
003 - CONTROL NUMBER IDENTIFIER
- control field: BD-RjUL
005 - DATE AND TIME OF LATEST TRANSACTION
- control field: 20250521143127.0
008 - FIXED-LENGTH DATA ELEMENTS
- fixed length control field: 250521|| aca||aabn | a|a d
040 ## - CATALOGING SOURCE
- Original cataloging agency: BD-RjUL
- Transcribing agency: BD-RjUL
150 ## - HEADING--TOPICAL TERM
- Topical term or geographic name entry element: Modernism (Literature)
- Geographic subdivision: India
670 ## - SOURCE DATA FOUND
- Source citation: Work cat.: (BD-RjUL)84972: حنفى، شمىم، ;; Ḥanafī, Shamīm. 15634, جدیدىیت کى فلسفىانہ اساس / Jadīdiyyat kī falsafiyānah asās /, 1977.